| Tag |
First Indicator |
Second Indicator |
Subfields |
| LEADER |
00000cam a2200000Ii 4500 |
| 001 |
in00002394856 |
| 005 |
20151109060644.0 |
| 008 |
900213s1965 mx 000 0 spa d |
| 035 |
|
|
|a (OCoLC)ocm21056614
|
| 035 |
|
|
|a (OCoLC)21056614
|
| 040 |
|
|
|a VA@
|c VA@
|d OCLCQ
|d OCLCG
|d TXA
|d UtOrBLW
|
| 049 |
|
|
|a TXAM
|
| 090 |
|
|
|a PQ6619.I4
|b A6 1965
|
| 100 |
1 |
|
|a Jiménez, Juan Ramón,
|d 1881-1958.
|
| 245 |
1 |
0 |
|a Verso y prosa para niños :
|b con un prólogo del poeta /
|c Juan Ramón Jiménez ; [selección y nota preliminar de Carmen Gómez Tejera y Juan Asencio Alvarez-Torre].
|
| 250 |
|
|
|a 5. ed.
|
| 264 |
|
1 |
|a México D.F. :
|b Editorial Orión,
|c 1965.
|
| 300 |
|
|
|a 280 pages ;
|c 19 cm.
|
| 336 |
|
|
|a text
|b txt
|2 rdacontent
|
| 337 |
|
|
|a unmediated
|b n
|2 rdamedia
|
| 338 |
|
|
|a volume
|b nc
|2 rdacarrier
|
| 490 |
1 |
|
|a Coleccion Literaria Cervantes
|
| 700 |
1 |
|
|a Gómez Tejera, Carmen,
|d 1890-
|
| 700 |
1 |
|
|a Alvarez-Torre, Juan Asencio.
|
| 830 |
|
0 |
|a Colección literaria Cervantes.
|
| 948 |
|
|
|a cataloged
|b h
|c 2008/5/29
|d c
|e vilik
|f 8:34:15 am
|
| 994 |
|
|
|a C0
|b TXA
|
| 999 |
|
|
|a MARS
|
| 999 |
f |
f |
|s 260b6f2f-73e0-3d41-b5a2-b7a41b8c799b
|i 56cfb7ab-3509-3a6f-a9ef-aa93ab3bdf3f
|t 0
|
| 952 |
f |
f |
|p ric
|a Texas A&M University
|b Rellis Campus
|c Joint Library Facility
|d Remote Storage
|t 0
|e PQ6619.I4 A6 1965
|h Library of Congress classification
|i unmediated -- volume
|m A14837235413
|
| 998 |
f |
f |
|a PQ6619.I4 A6 1965
|t 0
|l Remote Storage
|